000
00203 a2200097 4500
001
8416
090
_c
6786
_d
6786
100
_a
Osgeicby, J R
245
_a
Seven modern poets (Transfered to SOA)
260
_b
Chatto
942
_a
NUST-CAE
999
_c
243489
_d
243489